Statistics for Beyoncé Discography

Click here to take the quiz!

General Stats

  • This quiz has been taken 209 times
    (125 since last reset)
  • The average score is 11 of 25

Answer Stats

YearNameType% Correct
2008I Am... Sasha FierceAlbum
91%
2016LemonadeAlbum
91%
2013BeyoncéAlbum
89%
2006B'DayAlbum
88%
2022RenaissanceAlbum
88%
20114Album
86%
2003Dangerously in LoveAlbum
85%
2008Dangerously in Love / Live at WembleyCompilation
85%
2019The Lion King: The GiftSoundtrack
77%
2019HΘMΣCΘMING: THE LIVE ALBUMLive Album
68%
2018Everything Is LoveCollaborative Album
51%
2006DreamgirlsSoundtrack
35%
2010I Am... World TourLive Album
33%
2009I Am... Yours: An Intimate Performance at Wynn Las VegasLive Album
13%
20124: The RemixEP
9%
2008Beyoncé Karaoke Hits, Vol. 1Karaoke Album
9%
2014Beyoncé: Platinum EditionCompilation
8%
2009Above and Beyoncé: Video Collection & Dance MixesCompilation
7%
2011HeatEP
7%
2007IrreemplazableEP
7%
2004Live at WembleyLive Album
7%
2010Live in Vegas InstrumentalsKaraoke Album
6%
2014More OnlyEP
6%
2004True Star: A Private PerformanceEP
5%
2007The Beyoncé Live ExperienceLive Album
2%

Score Distribution

Percentile by Number Answered

Percent of People with Each Score

Your Score History

You have not taken this quiz since the last reset